The Falkauer atlas (Record no. 4772)

MARC details
000 -LEADER
fixed length control field 00597nam a2200205Ia 4500
003 - CONTROL NUMBER IDENTIFIER
control field IN-BaIIA
008 - FIXED-LENGTH DATA ELEMENTS--GENERAL INFORMATION
fixed length control field 211028s9999 xx 000 0 eng d
040 ## - CATALOGING SOURCE
Transcribing agency IIA Library
080 ## - UNIVERSAL DECIMAL CLASSIFICATION NUMBER
Universal Decimal Classification number 084.4:52
Item number VEH
100 ## - MAIN ENTRY--PERSONAL NAME
Personal name Vehrenberg, Hans
9 (RLIN) 8484
245 #4 - TITLE STATEMENT
Title The Falkauer atlas
Remainder of title photographic star atlas 1950.0
Statement of responsibility, etc. Hans Vehrenberg
250 ## - EDITION STATEMENT
Edition statement 3rd ed.
260 ## - PUBLICATION, DISTRIBUTION, ETC.
Place of publication, distribution, etc. Dusseldorf
Name of publisher, distributor, etc. Treugesel Verlag
Date of publication, distribution, etc. 1972
300 ## - PHYSICAL DESCRIPTION
Extent 28p.
650 ## - SUBJECT ADDED ENTRY--TOPICAL TERM
Topical term or geographic name entry element  Atlas 
9 (RLIN) 8310
650 ## - SUBJECT ADDED ENTRY--TOPICAL TERM
Topical term or geographic name entry element  Atlas-Stars 
9 (RLIN) 8485
650 ## - SUBJECT ADDED ENTRY--TOPICAL TERM
Topical term or geographic name entry element  Photographic stars
9 (RLIN) 8486
650 ## - SUBJECT ADDED ENTRY--TOPICAL TERM
Topical term or geographic name entry element Astronomy and Astrophysics Thesaurus 
9 (RLIN) 1143
942 ## - ADDED ENTRY ELEMENTS (KOHA)
Koha item type Books
Holdings
Withdrawn status Lost status Damaged status Not for loan Home library Current library Shelving location Date acquired Total Checkouts Full call number Barcode Date last seen Price effective from Koha item type
        IIA Library-Bangalore IIA Library-Bangalore General Stacks 04/10/1975   084.4:52/ VEH 5338 05/11/2021 04/10/1975 Books

Powered by Koha